000
00279nam a2200121Ia 4500
008
231129s9999||||xx |||||||||||||| ||spa||
040
_b
spa
082
_a
306.73 / K51a
100
_a
Kinneman L. Reade
245
0
_a
Adulterio
264
_a
Manuales Cientificos
942
_2
ddc
_c
BKS
999
_c
4598
_d
4598